000 00569nam a22001937a 4500
003 OSt
005 20160426120711.0
008 140911b xxu||||| |||| 00| 0 eng d
020 _a185339324X
040 _c040a
082 _219
_a380
_bMAD 1996
100 _aMadeley, John
_91041
245 _aTrade and the poor :
_bthe impact of international trade on developing countries /
_cJohn Madley
260 _aLondon
_bIntermediate technology publications
_c1996
300 _axiii, 210 p ;
_c8 cm.
504 _aincludes index
650 _aTrade
_91042
942 _2ddc
_cSLOAN
999 _c395
_d395